[Event "AUT-chT2W 2122"]
[Site "Austria"]
[Date "2022.06.04"]
[Round "7.1"]
[White "Prodinger, Johannes"]
[Black "Notegger, Peter"]
[Result "1-0"]
[WhiteElo "2010"]
[BlackElo "1954"]
[PlyCount "37"]
[EventDate "2021.10.15"]
[EventType "team-tourn"]
[EventRounds "11"]
[EventCountry "AUT"]
[SourceTitle "EXT 2023"]
[Source "ChessBase"]
[SourceDate "2022.10.05"]
[SourceVersion "1"]
[SourceVersionDate "2022.10.05"]
[SourceQuality "1"]
[WhiteTeam "Salzburg Royal"]
[BlackTeam "Wolfurt"]
[WhiteTeamCountry "AUT"]
[BlackTeamCountry "AUT"]

1. b3 e5 2. Bb2 d6 3. e3 Nf6 4. c4 Bf5 5. Nc3 c6 6. d3 Be7 7. Nge2 Nbd7 8. h3 h5 9. g3 Qc7 10. Bg2 0-0-0 11. b4 Nb6 12. b5 d5 13. bxc6 bxc6 14. cxd5 Nfxd5 15. Rc1 Nxe3 16. fxe3 Rxd3 17. Qc2 Nc4 18. e4 Nxb2 19. exf5 1-0

[Event "AUT-chT2W 2122"]
[Site "Austria"]
[Date "2022.06.03"]
[Round "6.2"]
[White "Kurapova, Olga"]
[Black "Prodinger, Johannes"]
[Result "1-0"]
[WhiteElo "1870"]
[BlackElo "2010"]
[PlyCount "49"]
[EventDate "2021.10.15"]
[EventType "team-tourn"]
[EventRounds "11"]
[EventCountry "AUT"]
[SourceTitle "EXT 2023"]
[Source "ChessBase"]
[SourceDate "2022.10.05"]
[SourceVersion "1"]
[SourceVersionDate "2022.10.05"]
[SourceQuality "1"]
[WhiteTeam "Hohenems II"]
[BlackTeam "Salzburg Royal"]
[WhiteTeamCountry "AUT"]
[BlackTeamCountry "AUT"]

1. e4 d6 2. d4 Nf6 3. Nc3 c6 4. Nf3 Bg4 5. Be2 e6 6. Be3 Be7 7. Qd2 0-0 8. 0-0 d5 9. exd5 cxd5 10. h3 Bh5 11. g4 Bg6 12. Ne5 Nc6 13. Nxg6 hxg6 14. Bf3 Rc8 15. Ne2 Na5 16. b3 b5 17. c3 Qb6 18. Rfc1 Nb7 19. a4 bxa4 20. Rxa4 Nd6 21. Qa2 Rc7 22. Ra6 Qb7 23. Bf4 Rd7 24. c4 Nfe4 25. c5 1-0

[Event "AUT-chT 1819"]
[Site "Austria"]
[Date "2019.03.31"]
[Round "9.6"]
[White "Prodinger, Johannes"]
[Black "Anistratov, Dmitrij"]
[Result "1/2-1/2"]
[WhiteElo "1954"]
[BlackElo "2283"]
[PlyCount "116"]
[EventDate "2018.11.15"]
[EventType "team-tourn"]
[EventRounds "11"]
[EventCountry "AUT"]
[SourceTitle "CBM 189 Extra"]
[Source "ChessBase"]
[SourceDate "2019.06.03"]
[SourceVersion "1"]
[SourceVersionDate "2019.06.03"]
[SourceQuality "1"]
[WhiteTeam "Salzburg Royal"]
[BlackTeam "Goetzis"]
[WhiteTeamCountry "AUT"]
[BlackTeamCountry "AUT"]

1. d4 d6 2. Nf3 Nf6 3. c4 Nbd7 4. Nc3 c6 5. g3 e5 6. e4 Be7 7. Bg2 0-0 8. 0-0 a6 9. a4 a5 10. h3 Re8 11. Be3 exd4 12. Nxd4 Bf8 13. Nb3 Ne5 14. Qe2 Be6 15. Nd2 d5 16. cxd5 cxd5 17. Nb5 Nxe4 18. Nxe4 dxe4 19. Rfd1 Nf3+ 20. Bxf3 exf3 21. Qxf3 Qe7 22. Bf4 Rec8 23. Bd6 Qf6 24. Qxf6 gxf6 25. Nc7 Bxd6 26. Nxa8 Bb4 27. Nb6 Rc2 28. Nd5 Bxd5 29. Rxd5 b6 30. Rb1 Kg7 31. Rd3 Kg6 32. Rf3 h5 33. b3 Bc5 34. Rd1 Re2 35. Rd8 Re6 36. Kf1 Re5 37. Kg2 f5 38. Rc8 Re6 39. Rc3 Re5 40. Rc6+ Kg7 41. Rc4 Rd5 42. R4xc5 bxc5 43. Ra6 c4 44. bxc4 Rc5 45. h4 f4 46. Kf3 fxg3 47. fxg3 f6 48. Ke3 Rxc4 49. Rxa5 Kg6 50. Ra8 Kf5 51. a5 Rc3+ 52. Kf2 Kg4 53. a6 Rf3+ 54. Ke2 Ra3 55. a7 Ra2+ 56. Ke3 Ra3+ 57. Kf2 Ra2+ 58. Ke3 Ra3+ 1/2-1/2

[Event "AUT-chT2W 1516"]
[Site "Austria"]
[Date "2016.03.04"]
[Round "9.4"]
[White "Prodinger, Johannes"]
[Black "Praxmarer, Christian"]
[Result "0-1"]
[WhiteElo "1924"]
[BlackElo "2031"]
[PlyCount "74"]
[EventDate "2015.10.16"]
[EventType "team-tourn"]
[EventRounds "11"]
[EventCountry "AUT"]
[SourceTitle "EXT 2017"]
[Source "ChessBase"]
[SourceDate "2016.10.25"]
[SourceVersion "1"]
[SourceVersionDate "2016.10.25"]
[SourceQuality "1"]
[WhiteTeam "Bernhard II"]
[BlackTeam "Pradl"]
[WhiteTeamCountry "AUT"]
[BlackTeamCountry "AUT"]

1. d4 e6 2. c4 f5 3. Nc3 Nf6 4. Nf3 Be7 5. Bf4 0-0 6. e3 b6 7. Be2 Ne4 8. d5 Nxc3 9. bxc3 Bf6 10. 0-0 Na6 11. Ne5 Bxe5 12. Bxe5 d6 13. Bg3 e5 14. f3 Nc5 15. Qe1 Qe8 16. Bh4 a5 17. h3 Ba6 18. Rf2 Qh5 19. Rf1 Qf7 20. g4 Qd7 21. Rf2 Rae8 22. Rg2 e4 23. f4 Kh8 24. gxf5 Qxf5 25. Rg5 Qf7 26. Qg3 g6 27. Rf1 Bc8 28. Qg2 Bf5 29. Be1 Qf6 30. h4 Nd3 31. Bd2 Rg8 32. Kh2 h6 33. Rg3 Qxh4+ 34. Kg1 Rg7 35. Bg4 Reg8 36. Bh3 Qf6 37. Kh2 Kh7 0-1

[Event "AUT-chT2W 1516"]
[Site "Austria"]
[Date "2016.01.23"]
[Round "7.5"]
[White "Prodinger, Johannes"]
[Black "Schiestl, Josef"]
[Result "0-1"]
[WhiteElo "1911"]
[BlackElo "2128"]
[PlyCount "62"]
[EventDate "2015.10.16"]
[EventType "team-tourn"]
[EventRounds "11"]
[EventCountry "AUT"]
[SourceTitle "CBM 170 Extra"]
[Source "ChessBase"]
[SourceDate "2016.02.25"]
[SourceVersion "1"]
[SourceVersionDate "2016.02.25"]
[SourceQuality "1"]
[WhiteTeam "Bernhard II"]
[BlackTeam "Zillertal"]
[WhiteTeamCountry "AUT"]
[BlackTeamCountry "AUT"]

1. d4 Nf6 2. c4 g6 3. g3 Bg7 4. Bg2 d6 5. Nf3 0-0 6. 0-0 a6 7. Nc3 Nc6 8. h3 Bd7 9. e4 e5 10. Be3 exd4 11. Nxd4 Re8 12. Re1 Ne5 13. b3 c5 14. Nde2 b5 15. f4 Nc6 16. Qxd6 b4 17. e5 bxc3 18. Nxc3 Re6 19. Qd2 Nh5 20. g4 Nxf4 21. Bxf4 Ra7 22. Bd5 Nxe5 23. Bxe5 Rxe5 24. Ne4 Qe7 25. Rad1 h5 26. Nd6 Be6 27. Bxe6 Qxe6 28. Rxe5 Bxe5 29. Qd5 Bd4+ 30. Kh1 Qe2 31. Rb1 Be5 0-1

[Event "Neumarkt am Wallersee op 14th"]
[Site "Neumarkt am Wallersee"]
[Date "2015.08.26"]
[Round "5"]
[White "Prodinger, Johannes"]
[Black "Fleischer, Frank"]
[Result "0-1"]
[WhiteElo "1922"]
[BlackElo "2195"]
[PlyCount "66"]
[EventDate "2015.08.22"]
[EventType "swiss"]
[EventRounds "9"]
[EventCountry "AUT"]
[SourceTitle "EXT 2016"]
[Source "ChessBase"]
[SourceDate "2015.10.08"]
[SourceVersion "1"]
[SourceVersionDate "2015.10.08"]
[SourceQuality "1"]

1. Nf3 e6 2. g3 f5 3. Bg2 Nf6 4. 0-0 Be7 5. d3 Nc6 6. Nbd2 d6 7. e4 e5 8. Re1 0-0 9. c3 Kh8 10. b4 fxe4 11. dxe4 Qe8 12. h3 Be6 13. a3 h6 14. Nh4 Nh7 15. Ndf3 Qf7 16. Nf5 Bf6 17. Be3 Ne7 18. N3h4 Ng6 19. Nxg6+ Qxg6 20. Bf3 Bg5 21. g4 Qf7 22. h4 Bxe3 23. Rxe3 g6 24. Nxh6 Qf4 25. Nf5 gxf5 26. exf5 Bxf5 27. gxf5 Rxf5 28. Qd3 Nf6 29. Kf1 e4 30. Rxe4 Nxe4 31. Qxe4 Raf8 32. Qxf4 Rxf4 33. Bxb7 Rxf2+ 0-1

[Event "Neumarkt am Wallersee op 14th"]
[Site "Neumarkt am Wallersee"]
[Date "2015.08.25"]
[Round "4"]
[White "Prodinger, Johannes"]
[Black "Koelber, Daniel"]
[Result "1/2-1/2"]
[WhiteElo "1922"]
[BlackElo "1747"]
[PlyCount "81"]
[EventDate "2015.08.22"]
[EventType "swiss"]
[EventRounds "9"]
[EventCountry "AUT"]
[SourceTitle "EXT 2016"]
[Source "ChessBase"]
[SourceDate "2015.10.08"]
[SourceVersion "1"]
[SourceVersionDate "2015.10.08"]
[SourceQuality "1"]

1. d4 Nf6 2. c4 c5 3. d5 e6 4. Nc3 exd5 5. cxd5 d6 6. e4 g6 7. Nf3 Bg7 8. h3 0-0 9. Bd3 Re8 10. 0-0 Na6 11. Bf4 Nc7 12. Nd2 a6 13. a4 Rb8 14. Nc4 Bf8 15. Nb6 Na8 16. Nxa8 Rxa8 17. Qc2 Qc7 18. Rfe1 Bg7 19. Bh2 Rb8 20. b3 Nd7 21. f4 Bd4+ 22. Kh1 Qa5 23. Rac1 Bxc3 24. Qxc3 Qxc3 25. Rxc3 f6 26. g4 b5 27. a5 Bb7 28. Bg3 Re7 29. Kg1 Rbe8 30. Kf1 Kf7 31. Bc2 Ba8 32. h4 Kg7 33. Bb1 Rf7 34. Rce3 Rfe7 35. R3e2 Bb7 36. Bd3 Ba8 37. Kg1 Bb7 38. Kh2 Ba8 39. Kh3 Bb7 40. h5 Ba8 41. Kh4 1/2-1/2

[Event "AUT-chT2W 1415"]
[Site "Austria"]
[Date "2014.11.30"]
[Round "5.3"]
[White "Prodinger, Johannes"]
[Black "Ruescher, Christian"]
[Result "0-1"]
[WhiteElo "1952"]
[BlackElo "2041"]
[PlyCount "73"]
[EventDate "2014.10.10"]
[EventType "team-tourn"]
[EventRounds "11"]
[EventCountry "AUT"]
[SourceTitle "CBM 163 Extra"]
[Source "ChessBase"]
[SourceDate "2014.12.23"]
[SourceVersion "1"]
[SourceVersionDate "2014.12.23"]
[SourceQuality "1"]
[WhiteTeam "Bernhard II"]
[BlackTeam "Dornbirn"]
[WhiteTeamCountry "AUT"]
[BlackTeamCountry "AUT"]

1. Nf3 Nf6 2. c4 c6 3. d4 d5 4. Nc3 dxc4 5. a4 Bf5 6. Ne5 Na6 7. f3 Nd7 8. Nxc4 e5 9. Be3 Nb4 10. Rc1 Qf6 11. g4 exd4 12. Bxd4 Nc2+ 13. Qxc2 Qxd4 14. Qxf5 Qxc4 15. e3 Qc5 16. Qe4+ Be7 17. Kf2 0-0 18. Ne2 Bh4+ 19. Kg2 Qa5 20. Qf5 Qd2 21. Kh3 Bf6 22. Rc2 Qd6 23. Nc3 g6 24. Qd3 Qe7 25. Qe4 Qd6 26. Qd3 Qe6 27. Qe4 Qb3 28. Bc4 Qb6 29. Re1 Rae8 30. Qd3 Ne5 31. Qd4 Qxd4 32. exd4 Nxf3 33. Rxe8 Rxe8 34. Rf2 Ng5+ 35. Kg3 Bxd4 36. Rd2 Bxc3 37. bxc3 0-1

[Event "Neumarkt am Wallersee op 11th"]
[Site "Neumarkt am Wallersee"]
[Date "2012.08.29"]
[Round "5"]
[White "Prodinger, Johannes"]
[Black "Leiner, Patrik"]
[Result "0-1"]
[WhiteElo "2017"]
[BlackElo "1721"]
[PlyCount "42"]
[EventDate "2012.08.26"]
[EventType "swiss"]
[EventRounds "9"]
[EventCountry "AUT"]
[SourceTitle "EXT 2013"]
[Source "ChessBase"]
[SourceDate "2012.11.22"]
[SourceVersion "1"]
[SourceVersionDate "2012.11.22"]
[SourceQuality "1"]

1. d4 Nf6 2. c4 d6 3. g3 g6 4. Bg2 Bg7 5. Nf3 0-0 6. 0-0 c6 7. Nc3 Nbd7 8. h3 Qc7 9. e4 e5 10. Be3 a5 11. a4 Re8 12. Qd2 exd4 13. Nxd4 Nc5 14. Qc2 Qe7 15. Rfe1 Nfxe4 16. Nxe4 Nxe4 17. Bd2 d5 18. Nxc6 bxc6 19. f3 Qc5+ 20. Be3 d4 21. Bf2 Nd6 0-1